00718cam a2200217u 450000100060000000300080000600500170001400800410003103500190007204000330009104100080012408200190013210000340015124500750018526000350026030000240029565000240031994200120034399900170035595201280037231888BD-RjUL20211209051749.0140422s1950 nyu 000 0 eng  a(BD-RjUL)31976 aDLCcCarPdDLCdBD-RjULbeng aeng04a217b BRM 19501 aBrunet, Paul Martin. [99707210aMaster meditations for life, health, success. /c Paul Martin Brunet. aNew York :bDodd, Mead,c1950. ax, 161 p. ;c19 cm. 0aNew Thought.985848 2ddccBK c31888d31888 00102ddc4071aRUCLbRUCLcReadingd1979-01-02eW. U. Sg0.00l0o217 BRM 1950r2014-04-22 00:00:00tC-1w2014-04-22yBK